| 000 | 00562cam a22001697a 4500 | ||
|---|---|---|---|
| 001 | 86215 | ||
| 005 | 20250722132912.0 | ||
| 008 | 950911s1995 enka b 001 0 eng | ||
| 020 |
_a185075554X _qalk. paper |
||
| 050 | 0 | 0 | _aMLCS 2005/00770 (B) |
| 100 | 1 | _aMoyise, Steve. | |
| 245 | 1 | 4 |
_aThe Old Testament in the Book of Revelation / _cSteve Moyise. |
| 260 |
_aSheffield, England : _bSheffield Academic Press, _cc1995. |
||
| 300 |
_a173 p. : _bill. ; _c23 cm. |
||
| 440 | 0 |
_aJournal for the study of the New Testament. _pSupplement series ; _v115 |
|
| 942 |
_2lcc _cBK _n0 |
||
| 999 |
_c7097 _d7097 |
||